| 000 | 00391nam a2200133Ia 4500 | ||
|---|---|---|---|
| 008 | 220217s9999||||xx |||||||||||||| ||und|| | ||
| 020 | _a9780070995734 | ||
| 082 | _a621.19 SKR | ||
| 100 | _aSkrotzki, Bernhardt G.A | ||
| 245 | 0 | _aPower station engineering and economy | |
| 260 |
_aMcgraw hill book company _bNew Delhi _c2014 |
||
| 300 |
_aX, 751p. _b899 |
||
| 650 | _aELECTRICAL SCIENCE | ||
| 999 |
_c186586 _d186586 |
||